Esperienze meridionali di santità tra '800 e '900

Saved in:  
Bibliographic Details
Main Author: Borzomati, Pietro 1933-2014 (Author)
Format: Print Book
Language:Spanish
Subito Delivery Service: Order now.
Check availability: HBZ Gateway
WorldCat: WorldCat
Interlibrary Loan:Interlibrary Loan for the Fachinformationsdienste (Specialized Information Services in Germany)
Published: Reggio Calabria Laruffa Ed. 1990
In:Year: 1990
Further subjects:B Holy See (motif)
B Piety
B Southern Italy (motif)

MARC

LEADER 00000cam a2200000 c 4500
001 1092531815
003 DE-627
005 20240429190030.0
007 tu
008 901210s1990 xx ||||| 00| ||spa c
035 |a (DE-627)1092531815 
035 |a (DE-576)022531815 
035 |a (DE-599)BSZ022531815 
035 |a (OCoLC)31295485 
040 |a DE-627  |b ger  |c DE-627  |e rakwb 
041 |a spa 
084 |a 1  |2 ssgn 
100 1 |0 (DE-588)1082430498  |0 (DE-627)847483088  |0 (DE-576)166617075  |4 aut  |a Borzomati, Pietro  |d 1933-2014 
109 |a Borzomati, Pietro 1933-2014  |a Borzomati, P. 1933-2014 
245 1 0 |a Esperienze meridionali di santità tra '800 e '900  |c Pietro Borzomati 
264 1 |a Reggio Calabria  |b Laruffa Ed.  |c 1990 
300 |a 238 S.  |b Ill. 
336 |a Text  |b txt  |2 rdacontent 
337 |a ohne Hilfsmittel zu benutzen  |b n  |2 rdamedia 
338 |a Band  |b nc  |2 rdacarrier 
583 1 |a Archivierung prüfen  |c 20200919  |f DE-640  |z 1  |2 pdager 
583 1 |a Archivierung/Langzeitarchivierung gewährleistet  |f SSG  |x XA-DE-BW  |2 pdager  |5 DE-21 
610 2 7 |0 (DE-588)2009545-4  |0 (DE-627)101659261  |0 (DE-576)191644501  |a Katholische Kirche  |2 gnd 
650 0 7 |0 (DE-588)4018672-6  |0 (DE-627)106324446  |0 (DE-576)208926046  |a Frömmigkeit  |2 gnd 
651 7 |0 (DE-588)4027833-5  |0 (DE-627)106283235  |0 (DE-576)208972501  |a Italien  |2 gnd 
935 |a mteo 
951 |a BO 
ELC |b 1 
ITA |a 1  |t 1 
LOK |0 000 xxxxxcx a22 zn 4500 
LOK |0 001 2155780273 
LOK |0 003 DE-627 
LOK |0 004 1092531815 
LOK |0 005 20090625114401 
LOK |0 008 901210||||||||||||||||ger||||||| 
LOK |0 040   |a DE-21  |c DE-627  |d DE-21 
LOK |0 852   |a DE-21 
LOK |0 852 1  |c 30 A 19415  |9 00 
LOK |0 935   |a theo  |a sepp 
LOK |0 936ln  |a t4.8 
LOK |0 939   |a 10-12-90  |b l01 
ORI |a SA-MARC-ixtheoa001.raw 
STA 0 0 |a Holy See (motif),Catholic church,Catholic Church,Catholic Church,Former pilgrimage church Saint Ottilia,Piety,Piety,Devotion,Religiousness,Southern Italy (motif),Italy,Italy,Italy,Italy,Lower Italy,Mezzogiorno,Southern Italy,Northwestern Italy 
STB 0 0 |a Piété,Piété,Saint-Siège (motif),Église catholique,Église catholique,Sud de l'Italie (motif),Italie 
STC 0 0 |a Italia,Movimiento juvenil católico,Piedad,Piedad,Devoción,Devoción,Devoción (Motivo),Devoción 
STD 0 0 |a Chiesa cattolica,Devozione,Devozione,Italia 
STE 0 0 |a 天主教会,罗马公教,虔诚,虔诚,笃信,虔敬,笃信,虔敬 
STF 0 0 |a 天主教會,羅馬公教,虔誠,虔誠,篤信,虔敬,篤信,虔敬 
STG 0 0 |a Igreja católica,Itália,Piedade,Piedade,Devoção,Devoção,Devoção (Motivo),Devoção 
STH 0 0 |a Италия (мотив),Католическая церковь (мотив),Набожность (мотив),Набожность 
STI 0 0 |a Ευσέβεια (μοτίβο),Ευσέβεια,Ιταλία (μοτίβο),Καθολική Εκκλησία (μοτίβο) 
SYB 0 0 |a Katolikus Egyház,RCC,Katoličeskaj Cerkovʹ,Katoličke Cerkve,Katolska Cyrkej,Katolske Kirke,Ecclesia Catholica,Igreja Católica,Römisch-Katholische Kirche,Katholikē Ekklēsia,Catholic Church,Roman Catholic Church,Eglise Catholique,Eglise Catholique Romaine,Chiesa Cattolica,Katholieke Kerk,Iglesia Católica,Katolické Církve,Kościoł Katolicki,Katoličke Crkve,Eglise catholique romaine,Chiesa cattolica romana,Roman catholic Church,Eglise catholique,Römische Kirche , Eglise catholique,Roman Catholic Church,Catholic Church , Ehemalige Wallfahrtskirche Sankt Ottilia 
SYF 0 0 |a Italy , Italia,Königreich Italien,Repubblica Italiana,Italiya Respublikasi,Italijos Respublika,Olaszorszaǵ,Olasz Koz̈taŕsasaǵ,Regno d'Italia,Italienische Republik,République Italienne,Yidali-gongheguo,Italy